ভারতী : (Record no. 38493)
[ view plain ]
| 000 -LEADER | |
|---|---|
| fixed length control field | 01129nas a2200229 a 4500 |
| 001 - CONTROL NUMBER | |
| control field | 38493 |
| 003 - CONTROL NUMBER IDENTIFIER | |
| rucl marc code | BD-RjUL |
| 005 - DATE AND TIME OF LATEST TRANSACTION | |
| control field | 20211209052816.0 |
| 008 - FIXED-LENGTH DATA ELEMENTS--GENERAL INFORMATION | |
| fixed length control field | 151221s1912 ii ||||| |||| 00| 0 ben d |
| 035 ## - SYSTEM CONTROL NUMBER | |
| System control number | (BD-RjUL)38598 |
| 040 ## - CATALOGING SOURCE | |
| Original cataloging agency | BD-RjUL |
| Language of cataloging | ben |
| Transcribing agency | BD-RjUL |
| 041 ## - LANGUAGE CODE | |
| Language code of text/sound track or separate title | ben |
| 082 ## - DEWEY DECIMAL CLASSIFICATION NUMBER | |
| Classification number | 891.4405 |
| Author mark and year | BHA 1912 |
| 245 ## - TITLE STATEMENT | |
| Title | ভারতী : |
| Remainder of title | সচিত্র মাসিক পত্রিকা / |
| Statement of responsibility, etc. | স্বর্ণকুমারী দেবী সম্পাদিত. |
| 260 ## - PUBLICATION, DISTRIBUTION, ETC. (IMPRINT) | |
| Place of publication, distribution, etc. | কলিকাতা : |
| Name of publisher, distributor, etc. | সতীশচন্দ্র মুখোপাধ্যায়, |
| Date of publication, distribution, etc. | ১৯১২. |
| 300 ## - PHYSICAL DESCRIPTION | |
| Pagination | ৩৬শবর্ষ ( ৩য়-৬ষ্ঠ) সংখ্যা, আষাঢ়-আশ্বিন, ১৩১৯ বাং. |
| Size | ২৩ সেমি. |
| 500 ## - GENERAL NOTE | |
| General note | পুঠিয়া রাজবাড়ি থেকে সংগৃহীত । |
| 650 ## - SUBJECT ADDED ENTRY--TOPICAL TERM | |
| Topical term or geographic name as entry element | বাংলা সাহিত্য |
| Form subdivision | সাময়িকী |
| 9 (RLIN) | 119104 |
| Topical term or geographic name as entry element | Bengali Literature |
| Form subdivision | Periodicals |
| 9 (RLIN) | 119105 |
| 700 ## - ADDED ENTRY--PERSONAL NAME | |
| Personal name | দেবী, স্বর্ণকুমারী, সম্পা. |
| 942 ## - ADDED ENTRY ELEMENTS (KOHA) | |
| Source of classification or shelving scheme | Dewey Decimal Classification |
| Koha item type | Continuing Resources |
| Lost status | Source of classification or shelving scheme | Damaged status | Not for loan | Collection code | Permanent Location | Current Location | Shelving location | Date acquired | Source of acquisition | Cost, normal purchase price | Total Checkouts | Full call number | Date last seen | Copy number | Koha item type |
|---|---|---|---|---|---|---|---|---|---|---|---|---|---|---|---|
| Dewey Decimal Classification | Not For Loan | Serials | Central Library, University of Rajshahi | Central Library, University of Rajshahi | Rare Book Section | 06/12/1955 | Puthia Rajbari | 0.00 | BP 891.4405 BHA V-36(No.3-6) 1912 | 21/12/2015 | C-1 | Continuing Resources |